000 00384nam a22001457a 4500
008 220603b ||||| |||| 00| 0 eng d
082 _a181.45
_bMIK
110 _aMishra Paramhans (Tr.)
245 _aKularnwatantram
_b
_cBy Paramhans Mishra (Tr.)
260 _aVaranasi
_bChaukhamba Surbharti Prakashan
_c2009
300 _a450p.
650 _aYOGA
942 _cBK
999 _c44009
_d44009
041 _ahin